000 00385nam a2200145 a 4500
005 20140513081057.0
008 070925s19uu xx 00 eng d
050 _aVCD
_bAl374 2001
245 _aAlexander Graham Bell/.
260 _aPhilippines :
_bNest,
_c2001.
440 _aThe Animated stories classics
500 _aRun time: 30 minutes
650 _aScientist
999 _c116573
_d116573